| 000 | 01197nam a22003617a 4500 | ||
|---|---|---|---|
| 001 | 0067591 | ||
| 003 | KOHA_MİRAKIL | ||
| 005 | 20260207004718.0 | ||
| 007 | ta | ||
| 008 | 220819b2016 tu a|||gr||||#0|||0|tur | | ||
| 020 | _a9786056586507 | ||
| 040 |
_aTR-BiSEU _btur _cTR-BiSEU _erda |
||
| 041 | 0 | _atur | |
| 044 | _ctu | ||
| 050 |
_aTJ263.5 _b.B68 2016 |
||
| 245 | 0 |
_aEndüstri kazanları/ _ceditör Yakup Erhan Böke. |
|
| 250 | _a2. basım. | ||
| 264 | 1 |
_aİstanbul : _bIsıtma Soğutma Klima Araştırma ve Eğitim Vakfı (ISKAV) _c2016 |
|
| 300 |
_a140 sayfa : _bresimli ; _c30 cm. |
||
| 336 |
_ametin _btxt _2rdacontent |
||
| 337 |
_aaracısız _bn _2rdamedia |
||
| 338 |
_acilt _bnc _2rdacarrier |
||
| 490 | 1 | _aIsıtma Soğutma Klima Araştırma ve Eğitim Vakfı (ISKAV). | |
| 490 | 1 |
_a Teknik Kitaplar Dizisi ; _v4 |
|
| 500 | _aKaynakça var. | ||
| 650 | 0 |
_aIsıtma sistemleri. _9128120 |
|
| 650 | 0 |
_aIsıtma donanım endüstrisi. _9128121 |
|
| 650 | 0 |
_aBuhar kazanları. _92656 |
|
| 830 | 1 |
_aIsıtma Soğutma Klima Araştırma ve Eğitim Vakfı (ISKAV). _9128122 |
|
| 830 | 1 |
_a Teknik Kitaplar Dizisi ; _v4 _9128123 |
|
| 907 | _aTeknoloji ve Mühendislik | ||
| 942 |
_2lcc _cBK |
||
| 999 |
_c68145 _d68145 |
||